| 000 | 00596nam a2200181 a 4500 | ||
|---|---|---|---|
| 001 | 000024729 | ||
| 005 | 20200930023332.0 | ||
| 008 | 110203s1991 sp r 000 0 spa d | ||
| 020 | _a8423408337 | ||
| 040 |
_aDO-SdBNP _bspa _cBNPHU |
||
| 082 |
_axxxxx _bS399c |
||
| 100 | 1 |
_aSchwartz, David J. _950737 |
|
| 245 | 1 | 0 |
_aCómo obtener y mantener el éxito personal y profesional / _cDavid J. Schwartz. |
| 260 |
_aBilbao, España : _bDeusto, _c1991. |
||
| 300 |
_a216 p. ; _c20.5 cm. |
||
| 500 | _aIncluye notas al pie de las páginas. | ||
| 534 |
_pTítulo original : _tThe magic of thinking success. |
||
| 999 |
_c24222 _d24222 |
||